Parque Artístico Musical de Pérez Zeledón : espacio para experimentación cultural de la música y el arte
Đã lưu trong:
| Tác giả chính: | |
|---|---|
| Tác giả khác: | |
| Định dạng: | Sách |
| Ngôn ngữ: | Spanish |
| Được phát hành: |
[San José, Costa Rica]
2018
|
| Những chủ đề: |
DISEÑO ARQUITECTONICO - PEREZ ZELEDON (SAN JOSE, COSTA RICA)
> ESPACIO (ARQUITECTURA) - PEREZ ZELEDON (SAN JOSE, COSTA RICA) - DISEÑOS Y PLANOS
> ACUSTICA EN ARQUITECTURA - DISEÑOS Y PLANOS A RICA) - DISEÑOS Y PLANOS
> ARQUITECTURA - PEREZ ZELEDON (SAN JOSE, COSTA RICA) - DISEÑOS Y PLANOS
> ESPACIOS PUBLICOS - PEREZ ZELEDON (SAN JOSE, COSTA RICA)
> ARTE Y ARQUITECTURA - PEREZ ZELEDON (SAN JOSE, COSTA RICA) - DISEÑOS Y PLANOS
> ARQUITECTURA Y CLIMA - PEREZ ZELEDON (SAN JOSE, COSTA RICA)
|
| Các nhãn: |
Thêm thẻ
Không có thẻ, Là người đầu tiên thẻ bản ghi này!
|
MARC
| LEADER | 00000nam a22000007a 4500 | ||
|---|---|---|---|
| 003 | EA0214 | ||
| 005 | 20230302094229.0 | ||
| 008 | 181008b2018 cr a|||| ||m| 00| ||spa d | ||
| 040 | |c cru CEDI | ||
| 090 | |a TFG EA-214 | ||
| 100 | |9 14207 |a Valverde Obando, Cristofer | ||
| 245 | |a Parque Artístico Musical de Pérez Zeledón : espacio para experimentación cultural de la música y el arte | ||
| 260 | |a [San José, Costa Rica] |c 2018 | ||
| 300 | |a xviii, 236 páginas : ilustraciones (principalmente a color), mapas y planos a color. | ||
| 500 | |a Proyecto de graduación (licenciatura en arquitectura)--Universidad de Costa Rica. Facultad de Ingeniería. Escuela de Arquitectura | ||
| 501 | |a Directora de Proyecto de Graduación: Mag. Eugenia Solís Umaña | ||
| 650 | |x DISEÑO ARQUITECTONICO - PEREZ ZELEDON (SAN JOSE, COSTA RICA) |x ESPACIO (ARQUITECTURA) - PEREZ ZELEDON (SAN JOSE, COSTA RICA) - DISEÑOS Y PLANOS |x ACUSTICA EN ARQUITECTURA - DISEÑOS Y PLANOS A RICA) - DISEÑOS Y PLANOS |x ARQUITECTURA - PEREZ ZELEDON (SAN JOSE, COSTA RICA) - DISEÑOS Y PLANOS |x ESPACIOS PUBLICOS - PEREZ ZELEDON (SAN JOSE, COSTA RICA) |x ARTE Y ARQUITECTURA - PEREZ ZELEDON (SAN JOSE, COSTA RICA) - DISEÑOS Y PLANOS |x ARQUITECTURA Y CLIMA - PEREZ ZELEDON (SAN JOSE, COSTA RICA) |9 14208 | ||
| 700 | |9 81 |a Solís Umaña, Eugenia, 1953- |d Directora del TFG | ||
| 942 | |c CEDI | ||
| 999 | |c 20937 |d 20937 | ||
